000 00553cab a2200205 4500
001 X1362
008 090401t1994 xxu||||| |||| 00| 0 eng d
035 _a(Sirsi) u16489
041 _aeng
245 _aMembers` affairs : Planning and development
260 _c1994
350 _a0
490 _aCSM (Chartered Surveyor Monthly)
_v3(6) March 1994, 53-54(2)
650 _aERIC FIBBENS
650 _aOBITUARY
650 _aOWLION CASSETTES
690 _aMANAGEMENT-BUSINESS MANAGEMENT-PROFESSIONAL PRACTICE
942 _n0
948 _c04/03/1997
999 _c10858
_d10858